#2 South America Hidden Country Line - Statistics

General Stats
  • This quiz has been taken 30 times
  • The average score is 6 of 6
Answers on the Map
Answers color-coded by a green-red scale on the quiz's map according to % correct below.
 
Answer Stats
Answer % Correct
Start With Colombia Colombia
100%
See This Is Pretty Easy! Argentina
96%
Just Keep Going Bolivia
96%
Down And To The Right Brazil
96%
End With Uruguay! Uruguay
96%
This will be the hardest Paraguay
92%
No matching quizzes found
Score Distribution
Percent of People with Each Score
Percentile by Number Answered
Your Score History
You have not taken this quiz